Welcome to the Holygrace Academy Library

Please use search bar below to get started

GOURI (Record no. 8742)

MARC details
000 -LEADER
fixed length control field 00305nam a22001457a 4500
020 ## - INTERNATIONAL STANDARD BOOK NUMBER
ISBN 81-7130-698-5
082 ## - DEWEY DECIMAL CLASSIFICATION NUMBER
Classification number 894.812.3
Item number PAD/G
100 ## - MAIN ENTRY--AUTHOR NAME
Personal name PADMANABHAN, T
245 ## - TITLE STATEMENT
Title GOURI
246 ## - VARYING FORM OF TITLE
Title proper/short title GOURI
Remainder of title GOURI
260 ## - PUBLICATION, DISTRIBUTION, ETC. (IMPRINT)
Place of publication INDIA
Name of publisher D C
Year of publication 2023
300 ## - PHYSICAL DESCRIPTION
Number of Pages 118
650 ## - SUBJECT ADDED ENTRY--TOPICAL TERM
Topical Term MALAYALAM FICTION
942 ## - ADDED ENTRY ELEMENTS (KOHA)
Koha item type Books
Holdings
Withdrawn status Lost status Collection code Home library Current library Shelving location Date acquired Source of acquisition Cost, normal purchase price Full call number Accession Number Koha item type
    Fiction Main Library Main Library NEW SHELF WITH NEW ENTRY 07/03/2024 PURCHASED 150.00 894.812.3 PAD/G 13606 Books